000 00782cam a22002533a 4500
001 876
003 PGUSA
005 20140828082954.0
008 970401s1997||||xxu|||||s|||||000 1 eng d
040 _aPGUSA
_beng
042 _adc
050 4 _aPS
100 1 _aDavis, Rebecca Harding,
_d1831-1910
245 1 0 _aLife in the Iron-Mills; Or, The Korl Woman
_h[electronic resource] /
_cRebecca Harding Davis
260 _bProject Gutenberg,
_c1997
500 _aFirst published in The Atlantic Monthly, April 1861.
506 _aPublic domain in the USA.
516 _aElectronic text
653 _aWomen iron and steel workers -- Fiction
653 _aFeminism -- Fiction
830 0 _aProject Gutenberg
_v876
856 4 0 _uhttp://www.gutenberg.org/ebooks/876
942 _cEB
999 _c230227
_d230227